000
00353pab a2200157 454500
008
180718b2009 xxu||||| |||| 00| 0 eng d
100
_a
Sawant, P.B.
245
_a
Need for a new economic system
260
_c
2009
300
_a
p.3-4, 17.
362
_a
3 Oct
650
_a
Economic systems
773
_a
Mainstream
908
_a
N
909
_a
84003
999
_c
84003
_d
84003